[Event "Naukograd Koltsovo op"]
[Site "Novosibirsk"]
[Date "2009.06.30"]
[Round "3"]
[White "Ladygin, Alexander"]
[Black "Kuzmin, Artem"]
[Result "1/2-1/2"]
[WhiteElo "1748"]
[BlackElo "2034"]
[PlyCount "102"]
[EventDate "2009.06.28"]
[EventType "swiss"]
[EventRounds "9"]
[EventCountry "RUS"]
[SourceTitle "EXT 2021"]
[Source "ChessBase"]
[SourceDate "2020.10.23"]
[SourceVersion "1"]
[SourceVersionDate "2020.10.23"]
[SourceQuality "1"]

1. d4 Nf6 2. c4 g6 3. Nc3 Bg7 4. e4 d6 5. f3 0-0 6. Nge2 c5 7. d5 e6 8. Ng3 exd5 9. cxd5 a6 10. a4 Nbd7 11. Be2 Qc7 12. 0-0 Re8 13. Re1 Rb8 14. Bf4 c4 15. Qd2 b5 16. axb5 axb5 17. Be3 Nc5 18. Qc2 Bd7 19. Bf1 Ra8 20. Kh1 Nb3 21. Rxa8 Rxa8 22. Nge2 Ne8 23. Nc1 Na1 24. Qd2 b4 25. N3a2 c3 26. bxc3 b3 27. Nxb3 Nxb3 28. Qc2 Nc5 29. Nc1 Qa5 30. Bd2 Ba4 31. Qb2 Ra7 32. Qb4 Qc7 33. Nd3 Rb7 34. Qa3 Nxd3 35. Bxd3 Qd7 36. Rc1 Nc7 37. Bf4 Bf8 38. h3 h6 39. Ra1 Bb5 40. Bxb5 Nxb5 41. Qa8 Ra7 42. Rxa7 Qxa7 43. Qe8 Nc7 44. Qd8 Nb5 45. c4 Qc7 46. Qxc7 Nxc7 47. c5 Nb5 48. c6 g5 49. Be3 Nc7 50. Bb6 Na8 51. Ba5 Kg7 1/2-1/2

[Event "Novosibirsk NSU-ch"]
[Site "Novosibirsk"]
[Date "2009.01.18"]
[Round "9"]
[White "Ladygin, Alexander"]
[Black "Ozonov, Erzhen"]
[Result "1-0"]
[WhiteElo "1748"]
[BlackElo "1849"]
[PlyCount "87"]
[EventDate "2009.01.02"]
[EventType "swiss"]
[EventRounds "10"]
[EventCountry "RUS"]
[SourceTitle "EXT 2012"]
[Source "ChessBase"]
[SourceDate "2011.11.24"]
[SourceVersion "1"]
[SourceVersionDate "2011.11.24"]
[SourceQuality "1"]

1. Nf3 d5 2. c4 dxc4 3. Na3 Nf6 4. Nxc4 Bf5 5. d4 Nc6 6. e3 e6 7. a3 Be7 8. Bd3 Bxd3 9. Qxd3 Qd5 10. 0-0 0-0-0 11. Qc2 h5 12. Re1 Ne4 13. Nce5 Nxe5 14. Nxe5 Rdf8 15. Bd2 Bd6 16. Bb4 h4 17. Bxd6 Nxd6 18. Rac1 c6 19. e4 Qb5 20. d5 Kd8 21. dxc6 Qxe5 22. cxb7 Ke7 23. Qc7+ Kf6 24. Rc5 Qxb2 25. e5+ Kg6 26. exd6 Qxa3 27. d7 Rb8 28. Rec1 Qb4 29. Qxb8 Rxb8 30. Rc8 Qd6 31. Rxb8 Qxb8 32. Rd1 Qxb7 33. d8Q Qb4 34. Qd3+ Kh5 35. Rb1 Qf4 36. Qf3+ Qxf3 37. gxf3 g5 38. Ra1 h3 39. Rxa7 f5 40. Re7 g4 41. fxg4+ Kxg4 42. Rxe6 f4 43. Rh6 f3 44. Rh7 1-0

[Event "Novosibirsk NSU-ch"]
[Site "Novosibirsk"]
[Date "2009.01.05"]
[Round "4"]
[White "Ozonov, Erzhen"]
[Black "Ladygin, Alexander"]
[Result "1/2-1/2"]
[WhiteElo "1849"]
[BlackElo "1748"]
[PlyCount "91"]
[EventDate "2009.01.02"]
[EventType "swiss"]
[EventRounds "10"]
[EventCountry "RUS"]
[SourceTitle "EXT 2012"]
[Source "ChessBase"]
[SourceDate "2011.11.24"]
[SourceVersion "1"]
[SourceVersionDate "2011.11.24"]
[SourceQuality "1"]

1. e4 c5 2. Nf3 Nc6 3. d4 cxd4 4. Nxd4 Nf6 5. Nc3 e5 6. Ndb5 d6 7. Nd5 Nxd5 8. Qxd5 Be6 9. Qd1 a6 10. Nc3 Be7 11. Be3 0-0 12. Qd2 Qc7 13. 0-0-0 Rfd8 14. Be2 Rac8 15. f4 exf4 16. Bxf4 Ne5 17. Kb1 Bf6 18. Bg5 Bxg5 19. Qxg5 b5 20. a3 Nc4 21. Bxc4 Qxc4 22. Qe3 Qc5 23. Qd4 h6 24. Rd2 Rd7 25. h3 Rcd8 26. Re1 Qxd4 27. Rxd4 d5 28. exd5 Bxd5 29. Nxd5 Rxd5 30. Rxd5 Rxd5 31. b3 Rg5 32. g4 h5 33. gxh5 Rxh5 34. Re3 Rh4 35. Kb2 Rf4 36. Kc3 f5 37. Kd3 Kf7 38. c4 bxc4+ 39. bxc4 Rf1 40. Ke2 Rc1 41. Re5 Rxc4 42. Rxf5+ Ke7 43. Kf2 Rc3 44. Rf3 Rxf3+ 45. Kxf3 Kf6 46. Kg4 1/2-1/2